[Event "40th Olympiad Open"]
[Site "Istanbul TUR"]
[Date "2012.09.05"]
[Round "8.70"]
[Board "3"]
[White "Li, Hui"]
[Black "Tamra, Attallah"]
[Result "1/2-1/2"]
[WhiteElo "1958"]
[BlackElo "2084"]
[WhiteTeam "Macau"]
[BlackTeam "Palestine"]
[WhiteFideId "15400310"]
[BlackFideId "11500255"]
[EventDate "2012.08.28"]

1. e4 c5 2. Nf3 g6 3. d4 cxd4 4. Nxd4 Nc6 5. Nc3 Bg7 6. Be3 Nf6 7. Bc4 O-O 8.
Bb3 a5 9. a4 d6 10. h3 Bd7 11. O-O Nxd4 12. Bxd4 Bc6 13. Qd3 Nd7 14. Bxg7 Kxg7
15. Qd4+ Kg8 16. Rad1 Nc5 17. f4 Rc8 18. f5 Nd7 19. Kh1 Qb6 20. Qxb6 Nxb6 21. f6
exf6 22. Rxd6 Nd7 23. Nd5 Bxd5 24. Rxd5 Nc5 25. Rxf6 Nxe4 26. Rb6 Nc5 27. Rb5
Nxb3 28. cxb3 Rc2 29. Rxb7 Re8 30. Rxa5 h6 31. Raa7 Re1+ 32. Kh2 Rf2 33. Re7 Rb1
34. Re3 Rbxb2 35. Rg3 h5 36. a5 Rb1 37. Rf3 Rxf3 38. gxf3 Rxb3 39. Kg3 Kg7 40.
h4 Kf6 41. a6 Ra3 42. Ra8 Ke6 43. a7 Kf5 44. Rb8 Rxa7 45. Rb5+ Ke6 46. Rb6+ Ke7
47. Rc6 Ra5 48. Rb6 Rd5 49. Ra6 Rd6 50. Ra5 Ke6 51. Rb5 Rd5 52. Rb6+ Ke5 53. Ra6
Kf5 54. Ra8 f6 55. Rh8 Rd1 56. Rh7 Rd8 57. Ra7 Re8 58. Ra5+ Re5 59. Ra8 g5 60.
hxg5 fxg5 61. Rf8+ Kg6 62. f4 Kg7 63. Ra8 Re3+ 64. Kf2 gxf4 65. Ra4 1/2-1/2

[Event "40th Olympiad Open"]
[Site "Istanbul TUR"]
[Date "2012.09.05"]
[Round "8.70"]
[Board "4"]
[White "Ihsan, Jawad"]
[Black "Celis, Joel"]
[Result "0-1"]
[WhiteTitle "CM"]
[WhiteElo "2143"]
[BlackElo "1810"]
[WhiteTeam "Palestine"]
[BlackTeam "Macau"]
[WhiteFideId "11500263"]
[BlackFideId "15400212"]
[EventDate "2012.08.28"]

1. d4 Nf6 2. c4 e5 3. dxe5 Ng4 4. Nf3 Nc6 5. e3 Ngxe5 6. Be2 Bc5 7. O-O O-O 8.
Nbd2 d6 9. b3 Qf6 10. Rb1 Bf5 11. e4 Nxf3+ 12. Bxf3 Bg6 13. Bb2 Qg5 14. Re1 Nb4
15. a4 Nd3 16. Re2 Nf4 17. g3 Nxe2+ 18. Qxe2 f5 19. Rf1 Rae8 20. Kg2 fxe4 21.
Bxe4 Bb4 0-1

[Event "40th Olympiad Open"]
[Site "Istanbul TUR"]
[Date "2012.09.05"]
[Round "8.71"]
[Board "1"]
[White "Prasad, Calvin"]
[Black "Eichab, Charles"]
[Result "1/2-1/2"]
[WhiteTitle "CM"]
[BlackTitle "CM"]
[WhiteElo "2002"]
[BlackElo "2034"]
[WhiteTeam "Fiji"]
[BlackTeam "Namibia"]
[WhiteFideId "11400072"]
[BlackFideId "15200051"]
[EventDate "2012.08.28"]

1. Nf3 f5 2. g3 g6 3. Bg2 Bg7 4. d4 Nf6 5. O-O d6 6. b4 O-O 7. Bb2 c6 8. c4 Qb6
9. Qb3 Qd8 10. Nc3 e6 11. Rac1 Bd7 12. a4 Qe7 13. c5 d5 14. b5 b6 15. Ba3 Qd8
16. cxb6 Qxb6 17. Bc5 Qb7 18. Bxf8 Bxf8 19. Ne5 a6 20. b6 a5 21. Rb1 Na6 22. Nd3
Nb4 23. Na2 Qxb6 24. Naxb4 axb4 25. e3 Rb8 26. Rfc1 Bd6 27. Nc5 Bc8 28. Qc2 h6
29. Nb3 Bd7 30. Nc5 Bc8 31. a5 Qxa5 32. Nb3 Qb6 33. Qxc6 Bd7 34. Qxb6 Rxb6 35.
Nc5 Kf7 36. f3 Ke7 37. Bf1 e5 38. Bd3 e4 39. Be2 exf3 40. Bxf3 Ne4 41. Bxe4 fxe4
42. Nxd7 Kxd7 43. Rb3 Ra6 44. Rf1 Ke6 45. Kg2 Ra2+ 46. Rf2 Ra1 47. Rc2 Rd1 48.
Kf2 Rh1 49. Kg2 Rd1 50. Ra2 Rc1 51. Kh3 h5 52. Ra7 Rd1 53. Rg7 Rd3 54. Rxd3 exd3
55. Ra7 Kf5 56. Kg2 b3 57. Ra1 Ke4 58. Kf2 b2 59. Rb1 Ba3 60. h4 Kf5 61. Kf3 d2
62. Ke2 Bd6 63. Kxd2 Bxg3 64. Rxb2 Bxh4 65. Ke2 Be7 66. Rb7 Ke6 67. Kf3 g5 68.
Rb1 Kf5 69. Rb6 g4+ 70. Kg2 h4 71. Rh6 Bg5 72. Rd6 Bxe3 73. Rxd5+ Kf4 74. Rh5
h3+ 75. Rxh3 1/2-1/2

[Event "40th Olympiad Open"]
[Site "Istanbul TUR"]
[Date "2012.09.05"]
[Round "8.71"]
[Board "3"]
[White "Arvind, Goru"]
[Black "Nakapunda, Otto"]
[Result "1-0"]
[BlackTitle "CM"]
[WhiteElo "1678"]
[BlackElo "2021"]
[WhiteTeam "Fiji"]
[BlackTeam "Namibia"]
[WhiteFideId "11400188"]
[BlackFideId "15200027"]
[EventDate "2012.08.28"]

1. e4 c6 2. c4 d5 3. cxd5 cxd5 4. exd5 Qxd5 5. Nc3 Qa5 6. Qa4+ Qxa4 7. Nxa4 a6
8. Nb6 Ra7 9. Nxc8 Ra8 10. Nb6 Ra7 11. Nf3 Nc6 12. a3 Nf6 13. Nc4 b5 14. Ne3 e5
15. d3 Bc5 16. b4 Bb6 17. Be2 O-O 18. O-O a5 19. Bd2 Nd4 20. Nxd4 exd4 21. Ng4
Nd7 22. f4 h5 23. Nf2 g6 24. Rac1 axb4 25. Bxb4 Re8 26. Bf3 Nb8 27. Ne4 Rd8 28.
Rc2 Bc7 29. g3 Ba5 30. Rfc1 Bxb4 31. axb4 Kf8 32. Rc8 Ke7 33. R8c7+ Rd7 34.
Rxd7+ Kxd7 35. Nc5+ Kd6 36. Rc2 Ra1+ 37. Kf2 Rb1 38. Ne4+ Kd7 39. Nc5+ Kd6 40.
Ne4+ Kd7 41. Nd2 Rxb4 42. Ra2 Ke6 43. Ke2 Nd7 44. Kd1 Nc5 45. Kc2 Na4 46. Nb3
Kd6 47. Na5 Nc3 48. Ra1 f6 49. Nc6 Ra4 50. Rxa4 1-0

[Event "40th Olympiad Open"]
[Site "Istanbul TUR"]
[Date "2012.09.05"]
[Round "8.72"]
[Board "1"]
[White "Hamperl, Fred"]
[Black "Denny, Kevin"]
[Result "0-1"]
[WhiteTitle "FM"]
[BlackTitle "IM"]
[WhiteElo "2120"]
[BlackElo "2304"]
[WhiteTeam "Guernsey"]
[BlackTeam "Barbados"]
[WhiteFideId "10700110"]
[BlackFideId "11100028"]
[EventDate "2012.08.28"]

1. e4 e5 2. Nf3 Nc6 3. d4 exd4 4. Nxd4 Bc5 5. Be3 Qf6 6. c3 Nge7 7. Bc4 O-O 8.
O-O b6 9. f4 d5 10. e5 Qh6 11. Bd3 Nxe5 12. Na3 Ng4 13. Rf3 Qxh2+ 14. Kf1 Qh1+
15. Bg1 Nh2+ 16. Kf2 Nxf3 17. Qxf3 Bf5 18. Nc2 Bxd3 19. Qxd3 Rfe8 20. Ne3 Bxd4
21. cxd4 c5 22. Ng4 Qh4+ 23. Kf3 c4 24. Qd1 Nf5 25. Bf2 Qe7 26. Qc2 Qe4+ 27.
Qxe4 dxe4+ 28. Ke2 e3 29. Bxe3 Rxe3+ 30. Nxe3 Re8 31. Kd2 Rxe3 0-1

[Event "40th Olympiad Open"]
[Site "Istanbul TUR"]
[Date "2012.09.05"]
[Round "8.72"]
[Board "2"]
[White "Farley, Terry"]
[Black "Kirby, Peter J."]
[Result "1-0"]
[WhiteTitle "IM"]
[BlackTitle "CM"]
[WhiteElo "2255"]
[BlackElo "2007"]
[WhiteTeam "Barbados"]
[BlackTeam "Guernsey"]
[WhiteFideId "11100095"]
[BlackFideId "409014"]
[EventDate "2012.08.28"]

1. c4 Nf6 2. Nc3 d5 3. cxd5 Nxd5 4. g3 g6 5. Bg2 Nb6 6. Nf3 Bg7 7. O-O O-O 8. d3
Nc6 9. Be3 e5 10. Rc1 Nd4 11. Nd2 f5 12. Bxd4 exd4 13. Na4 Nxa4 14. Qxa4 c6 15.
Nb3 Re8 16. Rc2 Kh8 17. Nc5 Re5 18. b4 Qe7 19. Bf3 g5 20. h3 h5 21. Re1 g4 22.
hxg4 hxg4 23. Bg2 Bh6 24. Bxc6 Bg5 25. Bg2 f4 26. Ne4 Bf5 27. gxf4 Bxf4 28. e3
dxe3 29. fxe3 Bg5 30. Qb3 Rc8 31. Rxc8+ Bxc8 32. Qc3 Bd7 33. Nxg5 Qxg5 34. d4
Re7 35. e4 Rh7 36. Qg3 Qd2 37. Qf2 Qh6 38. Qg3 Qd2 39. Qe3 Qxa2 40. d5 g3 41. e5
Bh3 42. Qf3 Rg7 43. Qf8+ Kh7 44. Be4+ 1-0

[Event "40th Olympiad Open"]
[Site "Istanbul TUR"]
[Date "2012.09.05"]
[Round "8.72"]
[Board "3"]
[White "Rowe, Peter"]
[Black "Warner, Delisle"]
[Result "1/2-1/2"]
[WhiteTitle "CM"]
[BlackTitle "FM"]
[WhiteElo "1987"]
[BlackElo "2204"]
[WhiteTeam "Guernsey"]
[BlackTeam "Barbados"]
[WhiteFideId "10700099"]
[BlackFideId "11100109"]
[EventDate "2012.08.28"]

1. d4 Nf6 2. Nf3 g6 3. Bf4 Bg7 4. e3 d6 5. h3 O-O 6. Be2 b6 7. O-O Bb7 8. Nbd2
Nbd7 9. c3 Re8 10. Bh2 e5 11. a4 a5 12. Nc4 e4 13. Nfd2 Nd5 14. Na3 f5 15. Nb5
Rf8 16. c4 Nb4 17. Nb3 Na6 18. Qd2 Qf6 19. f3 exf3 20. Bxf3 Bxf3 21. Rxf3 Rae8
22. Raf1 Qf7 23. Qd3 Nf6 24. g4 fxg4 25. hxg4 Qe6 26. g5 Ne4 27. Rxf8+ Rxf8 28.
Rxf8+ Bxf8 29. Bf4 Qg4+ 30. Kf1 Qf3+ 31. Ke1 Qf2+ 32. Kd1 Qg1+ 33. Ke2 Qg2+ 34.
Ke1 Nb4 35. Qe2 Qg1+ 36. Qf1 Nc2+ 37. Ke2 Ng3+ 38. Bxg3 Qxe3+ 39. Kd1 Qxb3 40.
Kc1 Nb4 41. Qe2 Qxg3 42. Qe6+ Kg7 43. Qf6+ Kg8 44. Qe6+ Kg7 45. Qf6+ Kg8 46.
Qe6+ Kg7 47. Qf6+ Kg8 48. Qe6+ Kg7 1/2-1/2

[Event "40th Olympiad Open"]
[Site "Istanbul TUR"]
[Date "2012.09.05"]
[Round "8.72"]
[Board "4"]
[White "Howell, Shamel"]
[Black "Brookfield, Toby"]
[Result "1-0"]
[WhiteTitle "CM"]
[BlackTitle "CM"]
[WhiteElo "2111"]
[BlackElo "1823"]
[WhiteTeam "Barbados"]
[BlackTeam "Guernsey"]
[WhiteFideId "11100559"]
[BlackFideId "10700234"]
[EventDate "2012.08.28"]

1. d4 f5 2. g3 Nf6 3. Bg2 e6 4. Nf3 Be7 5. O-O O-O 6. c4 d6 7. Nc3 Qe8 8. b3 Ne4
9. Nxe4 fxe4 10. Ne1 d5 11. Be3 Nd7 12. Qc2 Nf6 13. cxd5 exd5 14. Qxc7 Bd8 15.
Qd6 Qh5 16. f3 Bh3 17. Qe5 Bxg2 18. Qxh5 Nxh5 19. Nxg2 Nf6 20. Bf4 Bb6 21. e3
exf3 22. Rxf3 Ne4 23. Rff1 Rac8 24. Be5 Rxf1+ 25. Rxf1 Rc2 26. Nf4 Ng5 27. h4
Nf7 28. Nxd5 Bd8 29. Rf2 Rc1+ 30. Kg2 Nxe5 31. dxe5 Rc6 32. Kf3 Kf7 33. Ke4+ Ke8
34. h5 Be7 35. Rd2 Rc1 36. e6 Bd6 37. g4 Rg1 38. h6 Rxg4+ 39. Kf5 Rg6 40. hxg7
Rxg7 41. Nf6+ Ke7 42. Rxd6 1-0

[Event "40th Olympiad Open"]
[Site "Istanbul TUR"]
[Date "2012.09.05"]
[Round "8.73"]
[Board "1"]
[White "Bacchas, Clevert"]
[Black "Kamara, Ansumana"]
[Result "0-1"]
[WhiteElo "1944"]
[BlackElo "2086"]
[WhiteTeam "Bermuda"]
[BlackTeam "Sierra Leone"]
[WhiteFideId "8800758"]
[BlackFideId "1622218"]
[EventDate "2012.08.28"]

1. d4 d5 2. Nf3 Bf5 3. Bf4 e6 4. e3 h6 5. c4 Nf6 6. Nc3 c6 7. Qb3 Qb6 8. cxd5
exd5 9. Nd2 Nbd7 10. Be2 Be7 11. O-O O-O 12. Rfe1 Rfe8 13. Bf1 Qxb3 14. Nxb3 g5
15. Bg3 Nh5 16. f3 Nxg3 17. hxg3 Bd6 18. Kf2 Re7 19. e4 dxe4 20. fxe4 Bg6 21. e5
Bc7 22. Bc4 b5 23. Bf1 Bb6 24. Kf3 Rae8 25. a4 b4 26. Ne4 Bxd4 27. Nf6+ Nxf6 28.
Nxd4 Rxe5 29. Rxe5 Rxe5 30. Rc1 c5 31. Nb3 g4+ 32. Kf2 Ne4+ 33. Kg1 Nxg3 34.
Nxc5 Ne2+ 35. Bxe2 Rxe2 36. b3 Rc2 37. Rxc2 Bxc2 38. Kf2 Kf8 39. Ke3 Ke7 40. g3
f5 41. Kd2 Kd6 42. Nb7+ Kc7 43. Kxc2 Kxb7 44. Kd3 Kc6 45. Ke3 Kd5 46. Kf4 Ke6
47. a5 a6 48. Ke3 Ke5 49. Kd3 f4 50. gxf4+ Kxf4 0-1

[Event "40th Olympiad Open"]
[Site "Istanbul TUR"]
[Date "2012.09.05"]
[Round "8.73"]
[Board "2"]
[White "Winston Gerald, Mansfield Thomas"]
[Black "Dill, James"]
[Result "1-0"]
[WhiteElo "1907"]
[BlackElo "1923"]
[WhiteTeam "Sierra Leone"]
[BlackTeam "Bermuda"]
[WhiteFideId "17800048"]
[BlackFideId "8800049"]
[EventDate "2012.08.28"]

1. e4 c5 2. Nf3 d6 3. c3 Nf6 4. Bd3 a6 5. Bc2 g6 6. d3 Bg7 7. h3 e6 8. Nbd2 O-O
9. O-O Nc6 10. Re1 e5 11. Nf1 Qc7 12. Ng3 Be6 13. Bd2 Rad8 14. Qc1 d5 15. Bg5 d4
16. c4 b5 17. b3 Rd7 18. Bd2 b4 19. Bg5 Ne8 20. Bh6 Nd6 21. Qd2 f5 22. Bxg7 Kxg7
23. exf5 Nxf5 24. Ng5 Qd6 25. N3e4 Qe7 26. Nxe6+ Qxe6 27. Nxc5 Qe7 28. Nxd7 Qxd7
29. Bd1 Nh6 30. Bf3 Rxf3 31. gxf3 Qxh3 32. Qg5 Qxf3 33. Qg2 Qf6 34. Re4 Nf5 35.
Rae1 Nd6 36. Rg4 h5 37. Rg3 Nf5 38. Rh3 Kh6 39. Qf3 Qg5+ 40. Kf1 Qf6 41. Ra1 Qe6
42. Kg1 Qf6 43. Kh2 Nd8 44. Rg1 Ne6 45. Rhg3 Nf4 46. Rh1 g5 47. Kg1 Kg6 48. Qe4
g4 49. Kf1 Kg5 50. Rgg1 h4 51. Qf3 Ng3+ 52. Rxg3 hxg3 53. Qxg3 Qf5 54. Qh4+ Kg6
55. Qh7+ Kf6 56. Rh6+ Ng6 57. Qh8+ Kf7 58. Rh7+ Ke6 59. Qc8+ Kf6 60. Rf7+ 1-0

[Event "40th Olympiad Open"]
[Site "Istanbul TUR"]
[Date "2012.09.05"]
[Round "8.74"]
[Board "3"]
[White "Creswell, Reece"]
[Black "Ozenir, Ekin Baris"]
[Result "0-1"]
[WhiteElo "1765"]
[BlackElo "1542"]
[WhiteTeam "Us Virgin Islands"]
[BlackTeam "Turkey 2023"]
[WhiteFideId "6800262"]
[BlackFideId "6357415"]
[EventDate "2012.08.28"]

1. e4 d6 2. Nf3 g6 3. d4 Bg7 4. Be3 Bg4 5. Nbd2 Nc6 6. c3 e5 7. Be2 Nge7 8. d5
Nb8 9. Qb3 Bc8 10. Rc1 Nd7 11. c4 O-O 12. O-O h6 13. Qc2 f5 14. Nb3 f4 15. Bd2
g5 16. h3 Ng6 17. c5 Rf7 18. c6 Nb6 19. cxb7 Bxb7 20. Na5 Bc8 21. Nc6 Qf6 22.
Nh2 Bf8 23. Bh5 Rh7 24. f3 Qg7 25. b3 Nd7 26. Ng4 Nf6 27. Ba5 Nxh5 28. Nd8 Ng3
29. Rfe1 Bxg4 30. hxg4 Rxd8 31. Qxc7 Qxc7 32. Rxc7 Rxc7 33. Bxc7 Rc8 0-1

[Event "40th Olympiad Open"]
[Site "Istanbul TUR"]
[Date "2012.09.05"]
[Round "8.75"]
[Board "3"]
[White "Garcia, Bernardo"]
[Black "Murara, Maxence"]
[Result "0-1"]
[WhiteElo "1663"]
[BlackElo "1712"]
[WhiteTeam "Palau"]
[BlackTeam "Rwanda"]
[WhiteFideId "16600096"]
[BlackFideId "16000013"]
[EventDate "2012.08.28"]

1. c4 c5 2. Nc3 Nc6 3. g3 d6 4. Bg2 Nf6 5. Nf3 g6 6. O-O Bg7 7. Rb1 O-O 8. b3 a6
9. Bb2 Rb8 10. Nd5 Nxd5 11. Bxg7 Kxg7 12. cxd5 Nb4 13. e4 Nxa2 14. d4 Nc3 15.
Qc2 Nxb1 16. Rxb1 cxd4 17. Nxd4 e5 18. Ne2 f5 19. Rc1 Bd7 20. Qb2 Qb6 21. Rf1
fxe4 22. Bxe4 Bb5 23. Nf4 Bxf1 24. Kxf1 Rf6 25. Ne6+ Kg8 26. h4 Rbf8 27. Nxf8
Rxf8 28. f3 Qd4 29. Qc2 Qc5 30. Qb1 Rc8 31. Kg2 Kg7 32. h5 Qe3 33. Kh3 Rc1 34.
Qb2 Rh1+ 35. Kg4 Qh6 36. Bxg6 hxg6 37. Qc2 Qxh5# 0-1

[Event "40th Olympiad Open"]
[Site "Istanbul TUR"]
[Date "2012.09.05"]
[Round "8.77"]
[Board "1"]
[White "Edirisinghe, Dulan"]
[Black "Meshkov, Yuri A."]
[Result "0-1"]
[BlackTitle "IM"]
[WhiteElo "2046"]
[BlackElo "2390"]
[WhiteTeam "Sri Lanka"]
[BlackTeam "IBCA"]
[WhiteFideId "9900446"]
[BlackFideId "4107101"]
[EventDate "2012.08.28"]

1. d4 Nf6 2. c4 e6 3. Nc3 Bb4 4. a3 Bxc3+ 5. bxc3 c5 6. e3 b6 7. Bd3 Bb7 8. f3
Nc6 9. Ne2 d6 10. e4 Na5 11. d5 Qd7 12. Bg5 Ba6 13. Bxf6 gxf6 14. dxe6 fxe6 15.
Nf4 Ke7 16. Qe2 Qa4 17. O-O Bxc4 18. Rfd1 Bxd3 19. Qxd3 Rad8 20. Qe3 Nc4 21. Qf2
Ne5 22. Qh4 Qe8 23. Qh3 Qf7 24. Nd3 Nc4 25. Nf4 h5 26. g3 h4 27. gxh4 Ne5 28.
Kf2 Ng6 29. Nxg6+ Qxg6 30. Rg1 Qh6 31. Rad1 Rdf8 32. Qg3 Qxh4 33. Qxh4 Rxh4 34.
Rg7+ Rf7 35. Rxf7+ Kxf7 36. Kg3 Rh8 37. Rxd6 Ke7 38. Rd2 Rg8+ 39. Kf2 b5 40. Rb2
a6 41. a4 Rb8 42. axb5 axb5 43. Ke3 Kf7 44. f4 Kg6 45. Kd3 Kh5 46. Rg2 Rd8+ 47.
Kc2 Ra8 48. Rg7 Ra4 49. Kd3 Ra3 50. Kc2 b4 51. cxb4 cxb4 52. Re7 Rc3+ 53. Kd2
Rc6 54. h3 b3 55. Rb7 Rc2+ 56. Kd3 Rh2 57. Kd4 Rxh3 58. Rb6 Rf3 59. Rxe6 Rxf4
60. Rb6 Rf3 61. e5 f5 62. e6 f4 63. Kc4 Re3 64. Rxb3 Rxe6 65. Kd4 Kg4 66. Rb8 f3
67. Kd3 f2 68. Rf8 Kg3 69. Kd2 Re1 70. Rg8+ Kh4 0-1

[Event "40th Olympiad Open"]
[Site "Istanbul TUR"]
[Date "2012.09.05"]
[Round "8.77"]
[Board "2"]
[White "Dukaczewski, Piotr"]
[Black "Perera, W C C"]
[Result "1-0"]
[WhiteTitle "IM"]
[WhiteElo "2228"]
[BlackElo "2110"]
[WhiteTeam "IBCA"]
[BlackTeam "Sri Lanka"]
[WhiteFideId "1103520"]
[BlackFideId "9902600"]
[EventDate "2012.08.28"]

1. e4 d6 2. d4 Nf6 3. Nc3 g6 4. f4 Bg7 5. Nf3 O-O 6. Bd3 Na6 7. O-O c5 8. d5 Bg4
9. h3 Bxf3 10. Rxf3 Nc7 11. Bc4 b5 12. Nxb5 Nxe4 13. Qe2 Nf6 14. Nxc7 Qxc7 15.
a4 Rab8 16. a5 Kh8 17. c3 e6 18. dxe6 d5 19. f5 dxc4 20. e7 Rfe8 21. Bf4 Qb7 22.
Bxb8 Qxb8 23. Rd1 Qc7 24. fxg6 fxg6 25. Re3 Ng8 26. Rd8 Rxd8 27. e8=Q Rxe8 28.
Rxe8 Qf4 29. Qf1 Be5 30. Qxf4 Bxf4 31. Ra8 Bc1 32. Rxa7 Bxb2 33. a6 Bxc3 34. Rd7
Ba5 35. a7 c3 36. Rd1 c2 37. Rc1 1-0

[Event "40th Olympiad Open"]
[Site "Istanbul TUR"]
[Date "2012.09.05"]
[Round "8.77"]
[Board "3"]
[White "Anuruddha, G C"]
[Black "Grigorchuk, Sergey"]
[Result "1/2-1/2"]
[WhiteElo "2137"]
[BlackElo "2298"]
[WhiteTeam "Sri Lanka"]
[BlackTeam "IBCA"]
[WhiteFideId "9900438"]
[BlackFideId "14114879"]
[EventDate "2012.08.28"]

1. e4 e6 2. d4 d5 3. exd5 exd5 4. Bd3 Nc6 5. c3 Bd6 6. Nf3 Bg4 7. O-O Nge7 8.
Re1 Qd7 9. Nbd2 O-O-O 10. b4 Rde8 11. Qa4 Kb8 12. b5 Nd8 13. Ba3 Bxa3 14. Qxa3
f6 15. Qb2 Bf5 16. Bf1 Nc8 17. a4 Rxe1 18. Rxe1 Re8 19. Qb3 Rxe1 20. Nxe1 Nf7
21. Nd3 Bxd3 22. Bxd3 h6 23. Nf1 Ne7 24. Ne3 Kc8 25. Bb1 c6 26. bxc6 bxc6 27.
Bd3 Qc7 28. Qb4 Nd6 29. g3 Kd7 30. Kg2 Qb6 31. h4 Kc7 32. a5 Qxb4 33. cxb4 Kd7 1/2-1/2

[Event "40th Olympiad Open"]
[Site "Istanbul TUR"]
[Date "2012.09.05"]
[Round "8.78"]
[Board "1"]
[White "Elbaba, Ezat"]
[Black "Obodchuk, Andrei"]
[Result "1/2-1/2"]
[BlackTitle "IM"]
[WhiteElo "2172"]
[BlackElo "2399"]
[WhiteTeam "Syria"]
[BlackTeam "IPCA"]
[WhiteFideId "7600534"]
[BlackFideId "4114310"]
[EventDate "2012.08.28"]

1. c4 e5 2. Nc3 Nf6 3. g3 c6 4. Nf3 e4 5. Nd4 Qb6 6. e3 d5 7. d3 exd3 8. cxd5
cxd5 9. Qxd3 Nc6 10. Bg2 Nb4 11. Qd2 Qa6 12. Ndb5 Qb6 13. a3 Bd7 14. Nd4 Nc6 15.
O-O Be6 16. Rd1 Be7 17. b4 O-O 18. Na4 Qd8 19. Nxc6 bxc6 20. Bb2 Bg4 21. f3 Bd7
22. Bd4 Ne8 23. Bf1 Nc7 24. Bc5 Ne6 25. Bxe7 Qxe7 26. Rac1 Rfe8 27. Kf2 h5 28.
Nc5 h4 29. Nxd7 Qxd7 30. e4 d4 31. Bh3 Red8 32. Rc4 a5 33. bxa5 Qd6 34. Qb4 c5
35. Qb6 hxg3+ 36. hxg3 Rab8 37. Qxd6 Rb2+ 38. Kg1 Rxd6 39. Bxe6 fxe6 40. Rxc5
Rb3 41. e5 Rd7 42. Kf2 1/2-1/2

[Event "40th Olympiad Open"]
[Site "Istanbul TUR"]
[Date "2012.09.05"]
[Round "8.78"]
[Board "2"]
[White "Yarmonov, Igor"]
[Black "Al-Tarbosh, Ward"]
[Result "0-1"]
[WhiteTitle "IM"]
[BlackTitle "FM"]
[WhiteElo "2333"]
[BlackElo "2271"]
[WhiteTeam "IPCA"]
[BlackTeam "Syria"]
[WhiteFideId "14114496"]
[BlackFideId "7601450"]
[EventDate "2012.08.28"]

1. d4 g6 2. e4 Bg7 3. Nf3 d6 4. Bd3 Nf6 5. O-O c6 6. h3 O-O 7. Bf4 Nbd7 8. Nbd2
Nh5 9. Bh2 e5 10. dxe5 dxe5 11. c3 Qe7 12. b4 a5 13. a3 Nf4 14. Qc2 Nxd3 15.
Qxd3 b5 16. Rfd1 Nb6 17. Qe3 Na4 18. Rdc1 c5 19. bxc5 Qxc5 20. Qxc5 Nxc5 21. c4
bxc4 22. Rxc4 Nd3 23. Rc3 Ba6 24. a4 Rfc8 25. Rxc8+ Rxc8 26. Nb3 Rc2 27. Nxa5 f6
28. Bg3 Re2 29. Nb3 Rxe4 30. a5 Rb4 31. Nfd2 f5 32. Ra2 f4 33. Bh4 e4 34. Be7 e3
35. Bxb4 exf2+ 36. Kh2 Nxb4 37. Ra4 Bc3 38. g3 f3 39. g4 Bb5 40. Ra3 Bb2 41. Nd4
Bxd4 42. Kg3 f1=Q 43. Nxf1 Bxf1 44. Kxf3 Bc4 45. Ke4 Bg1 46. Ra1 Bf2 47. Ke5
Bg3+ 48. Kf6 Nc6 49. Ra4 Be5+ 50. Kg5 Kg7 51. Kh4 Nd4 52. g5 Nf5+ 0-1

[Event "40th Olympiad Open"]
[Site "Istanbul TUR"]
[Date "2012.09.05"]
[Round "8.78"]
[Board "3"]
[White "Iyti, Basher"]
[Black "Valenta, Vit"]
[Result "1-0"]
[WhiteTitle "IM"]
[WhiteElo "2264"]
[BlackElo "2162"]
[WhiteTeam "Syria"]
[BlackTeam "IPCA"]
[WhiteFideId "7601875"]
[BlackFideId "307440"]
[EventDate "2012.08.28"]

1. d4 Nf6 2. Nf3 g6 3. Bg5 Bg7 4. Nbd2 d5 5. e3 Nbd7 6. Bd3 O-O 7. O-O c5 8. c3
Re8 9. Re1 Qb6 10. Qb3 Qa5 11. c4 e6 12. Qc2 cxd4 13. exd4 dxc4 14. Nxc4 Qc7 15.
Qd2 Nd5 16. Rac1 N7f6 17. Nfe5 Qe7 18. Ng4 Qf8 19. Nh6+ Kh8 20. Ne5 Re7 21. h4
Bd7 22. h5 Be8 23. Nhxf7+ Rxf7 24. h6 Rc7 25. Rxc7 Nxc7 26. hxg7+ Qxg7 27. Qb4
Ncd5 28. Qd6 Qg8 29. Rc1 Ba4 30. Rc7 Rf8 31. Rxb7 a5 32. Bh6 Ne8 1-0

[Event "40th Olympiad Open"]
[Site "Istanbul TUR"]
[Date "2012.09.05"]
[Round "8.78"]
[Board "4"]
[White "Mikheev, Stanislav"]
[Black "Azam, Zeno"]
[Result "1-0"]
[WhiteTitle "IM"]
[WhiteElo "2244"]
[BlackElo "2187"]
[WhiteTeam "IPCA"]
[BlackTeam "Syria"]
[WhiteFideId "4135920"]
[BlackFideId "7600976"]
[EventDate "2012.08.28"]

1. d4 d5 2. c4 e6 3. Nf3 c6 4. Qc2 Nf6 5. g3 Nbd7 6. Bg2 Bd6 7. O-O O-O 8. Nbd2
Re8 9. Rd1 Qe7 10. e4 dxe4 11. Nxe4 Nxe4 12. Qxe4 e5 13. Re1 exd4 14. Qxd4 Qxe1+
15. Nxe1 Rxe1+ 16. Bf1 Ne5 17. Kg2 Bg4 18. Qxd6 Bf3+ 19. Kg1 Bg4 20. b3 Nf3+ 21.
Kg2 Rae8 22. Bb2 h6 23. Rxe1 Nxe1+ 24. Kh1 Bf3+ 25. Kg1 Be4 26. f4 Nf3+ 27. Kf2
Nxh2 28. Be2 1-0

[Event "40th Olympiad Open"]
[Site "Istanbul TUR"]
[Date "2012.09.06"]
[Round "9.4"]
[Board "3"]
[White "Swiercz, Dariusz"]
[Black "Mamedov, Rauf"]
[Result "1/2-1/2"]
[WhiteTitle "GM"]
[BlackTitle "GM"]
[WhiteElo "2594"]
[BlackElo "2634"]
[WhiteTeam "Poland"]
[BlackTeam "Azerbaijan"]
[WhiteFideId "1126881"]
[BlackFideId "13401653"]
[EventDate "2012.08.28"]

1. d4 Nf6 2. c4 g6 3. Nc3 Bg7 4. e4 d6 5. Be2 O-O 6. Nf3 c5 7. O-O cxd4 8. Nxd4
Nc6 9. Be3 Bd7 10. Qd2 Nxd4 11. Bxd4 Bc6 12. f3 a5 13. b3 Nd7 14. Be3 Nc5 15.
Rab1 Qb6 16. Rfc1 Rfc8 17. Rc2 Qd8 18. Bf1 h5 19. Ne2 Ne6 20. Kh1 Kh7 21. Rd1
Rab8 22. Qe1 b6 23. Nc3 Nc5 24. Bg5 Qf8 25. Qh4 f6 26. Be3 Bh6 27. Qe1 Re8 28.
Rb2 Bg7 29. Bd4 Ne6 30. Bf2 Nc5 31. Bd4 Ne6 32. Bf2 Nc5 33. Rbb1 f5 34. exf5
Qxf5 35. Nd5 e6 36. Ne3 Qf8 37. Bg3 Rbd8 38. a3 d5 39. Bc7 d4 40. Nc2 e5 41.
Bxd8 Rxd8 42. b4 Na4 43. Bd3 Nc3 44. Qg3 Qf6 45. Rf1 h4 46. Bxg6+ Qxg6 47. Qxh4+
Bh6 48. Qe7+ Bg7 49. Qh4+ 1/2-1/2